Billboard Hot 100 #1 Hits of 2023 - Statistics

General Stats
  • This quiz has been taken 27 times
  • The average score is 31 of 52
Answer Stats
Issue Date #1 Hit Artist % Correct
January 7 All I Want for Christmas Is You Mariah Carey
95%
December 23 All I Want for Christmas Is You Mariah Carey
95%
December 30 All I Want for Christmas Is You Mariah Carey
95%
January 28 Flowers Miley Cyrus
95%
February 4 Flowers Miley Cyrus
95%
February 11 Flowers Miley Cyrus
95%
February 18 Flowers Miley Cyrus
95%
February 25 Flowers Miley Cyrus
95%
March 4 Flowers Miley Cyrus
95%
March 25 Flowers Miley Cyrus
95%
April 1 Flowers Miley Cyrus
95%
January 14 Anti-Hero Taylor Swift
77%
January 21 Anti-Hero Taylor Swift
77%
July 15 Vampire Olivia Rodrigo
77%
September 23 Vampire Olivia Rodrigo
77%
April 29 Kill Bill SZA
64%
December 9 Rockin' Around the Christmas Tree Brenda Lee
64%
December 16 Rockin' Around the Christmas Tree Brenda Lee
64%
October 28 Cruel Summer Taylor Swift
55%
November 4 Cruel Summer Taylor Swift
55%
November 18 Cruel Summer Taylor Swift
55%
November 25 Cruel Summer Taylor Swift
55%
September 16 Paint the Town Red Doja Cat
55%
October 7 Paint the Town Red Doja Cat
55%
October 14 Paint the Town Red Doja Cat
55%
March 18 Last Night Morgan Wallen
50%
April 15 Last Night Morgan Wallen
50%
April 22 Last Night Morgan Wallen
50%
May 6 Last Night Morgan Wallen
50%
May 13 Last Night Morgan Wallen
50%
May 20 Last Night Morgan Wallen
50%
May 27 Last Night Morgan Wallen
50%
June 3 Last Night Morgan Wallen
50%
June 10 Last Night Morgan Wallen
50%
June 17 Last Night Morgan Wallen
50%
June 24 Last Night Morgan Wallen
50%
July 1 Last Night Morgan Wallen
50%
July 8 Last Night Morgan Wallen
50%
July 22 Last Night Morgan Wallen
50%
August 12 Last Night Morgan Wallen
50%
August 19 Last Night Morgan Wallen
50%
November 11 Is It Over Now? Taylor Swift
41%
December 2 Lovin on Me Jack Harlow
41%
March 11 Die for You The Weeknd & Ariana Grande
36%
July 29 Seven Jung Kook ft. Latto
36%
August 5 Try That in a Small Town Jason Aldean
36%
September 30 Slime You Out Drake ft. SZA
32%
August 26 Rich Men North of Richmond Oliver Anthony Music
23%
September 2 Rich Men North of Richmond Oliver Anthony Music
23%
October 21 First Person Shooter Drake ft. J. Cole
18%
April 8 Like Crazy Jimin
18%
September 9 I Remember Everything Zach Bryan ft. Kacey Musgraves
14%
No matching quizzes found
Score Distribution
Percent of People with Each Score
Percentile by Number Answered
Your Score History
You have not taken this quiz